Bài tập cơ học kỹ thuật. Tập 2, Động lực học T.2

Sparad:
Bibliografiska uppgifter
Huvudupphovsman: Đỗ, Sanh
Materialtyp: Bok
Språk:Vietnamese
Publicerad: Giáo dục 2009
Taggar: Lägg till en tagg
Inga taggar, Lägg till första taggen!
Thư viện lưu trữ: Mạng thư viện Đại học Đà Nẵng
LEADER 00658nam a2200253 4500
001 000022842
003 19291
005 20150515130504.0
008 150515s2009 viesd
020 |c 37500 
041 0 |a vie 
082 1 4 |a 531,1  |b ĐÔ-S 
100 1 |a Đỗ, Sanh 
245 1 0 |a Bài tập cơ học kỹ thuật. Tập 2, Động lực học  |b T.2  |c Đỗ Sanh (chủ biên) 
260 |b Giáo dục  |c 2009 
300 |a tr.  |c cm. 
OWN |a LSP 
999 |a From the UDN01 
TYP |a Monograph 
TYP |a Printed language 
980 |a Mạng thư viện Đại học Đà Nẵng